Borders an 'S' Country Minefield Quiz Stats

Quiz Updated May 30, 2017

Challenge
Share
Tweet
Embed
Score 0/60 Timer 12:00
0 Plays Today
First Letter Country % Correct
F???
69%
P???
61.9%
I???
60.5%
A???
59.3%
A???
57.2%
G???
53.4%
N???
50.5%
F???
49.1%
C???
47.8%
B???
47.4%
C???
45.2%
G???
44.2%
Y???
43.4%
L???
42.9%
L???
42.4%
S???
42.4%
H???
42.4%
S???
42.3%
O???
42%
S???
41.8%
E???
39.7%
B???
38.5%
S???
38%
E???
37.9%
Q???
37.1%
B???
37%
K???
36.9%
N???
36.4%
N???
36.2%
I???
35.9%
First Letter Country % Correct
J???
35.5%
Z???
35.3%
U???
35.3%
M???
34.1%
P???
33.7%
K???
33%
G???
31.3%
E???
30.9%
T???
30.7%
K???
30.4%
C???
30.3%
M???
30.2%
D???
30.1%
I???
29.7%
L???
29.5%
R???
29.4%
G???
29.3%
B???
28.2%
L???
27.6%
M???
26.1%
M???
25.3%
L???
24.4%
G???
24.4%
C???
24.1%
U???
23.7%
U???
23%
M???
21.9%
D???
21.7%
M???
21.1%
Mine???
13.1%

You're not logged in!

Compare scores with friends on all Sporcle quizzes.
Sign Up with Email
OR
Log In

You Might Also Like...

Show Comments

Extras

Top Quizzes Today


Score Distribution

Your Account Isn't Verified!

In order to create a playlist on Sporcle, you need to verify the email address you used during registration. Go to your Sporcle Settings to finish the process.